Intelligent Vehicle Technologies (Record no. 610972)

000 -LEADER
fixed length control field 00426nam a22001457a 4500
020 ## - INTERNATIONAL STANDARD BOOK NUMBER
International Standard Book Number 0750650931
040 ## - CATALOGING SOURCE
Transcribing agency NUST
082 ## - DEWEY DECIMAL CLASSIFICATION NUMBER
Classification number 629.23
Author Mark INT
100 ## - MAIN ENTRY--PERSONAL NAME
Personal name Ljubo Vlacic, Michel Parent
9 (RLIN) 125192
110 ## - MAIN ENTRY--CORPORATE NAME
Corporate name or jurisdiction name as entry element Fumio Harashima
9 (RLIN) 125193
245 ## - TITLE STATEMENT
Title Intelligent Vehicle Technologies
Remainder of title Theory and Applications
260 ## - PUBLICATION, DISTRIBUTION, ETC.
Place of publication, distribution, etc. India:
Name of publisher, distributor, etc. Library of congress,
Date of publication, distribution, etc. 2001.
650 ## - SUBJECT ADDED ENTRY--TOPICAL TERM
Source of heading or term Intelligent Vehicle Technologies
942 ## - ADDED ENTRY ELEMENTS (KOHA)
Source of classification or shelving scheme
Koha item type Book
Holdings
Withdrawn status Lost status Source of classification or shelving scheme Damaged status Not for loan Permanent Location Current Location Shelving location Date acquired Total Checkouts Full call number Barcode Date last seen Price effective from Koha item type
          College of Electrical & Mechanical Engineering (CEME) College of Electrical & Mechanical Engineering (CEME) General Stacks 08/19/2024   629.23 INT CEME-36130 08/19/2024 08/19/2024 Book
© 2023 Central Library, National University of Sciences and Technology. All Rights Reserved.